[Event "RUS-chT Blitz Men 2018"]
[Site "Sochi"]
[Date "2018.10.10"]
[Round "4"]
[White "Derjabin, Ilja"]
[Black "Kryakvin, Dmitry"]
[Result "1/2-1/2"]
[WhiteElo "2345"]
[BlackElo "2595"]
[Annotator "TA"]
[PlyCount "93"]
[EventDate "2018.10.10"]
[EventType "swiss"]
[EventCountry "RUS"]
[SourceTitle "playchess.com"]
[Source "ChessBase"]
[SourceQuality "1"]

{[%evp 9,93,20,29,22,22,0,0,0,7,13,14,-2,-5,-7,-6,-16,-20,-16,0,0,27,39,37,19,60,25,40,31,22,22,27,23,60,27,89,21,21,21,30,30,30,30,30,30,30,30,30,0,77,77,74,11,70,17,77,77,77,50,45,45,45,45,58,56,55,0,0,1,6,0,0,0,0,0,0,0,0,0,0,0,0,0,0,0,0,0]} 1. d4 d5 2. c4 c6 3. Nc3 Nf6 4. Nf3 dxc4 5. a4 a5 6. e3 {D16: Slav Defence: 5 a4: Lines with 5...Bg4 and 5...Na6} (6. e4 Bg4 7. Bxc4 e6 8. Be3 Nbd7 9. h3 Bh5 10. O-O Bb4 11. Bd3 O-O 12. Qc2 Bxf3 13. gxf3 e5 14. dxe5 Nxe5 15. Be2 Ng6 16. f4 Bxc3 17. bxc3 {½-½ (51) So,W (2815)-Giri,A (2785) chess.com INT 2017}) 6... Bg4 7. h3 Bh5 8. Bxc4 e6 9. O-O Bb4 10. g4 $146 ({Predecessor:} 10. Be2 O-O 11. g4 Bg6 12. Ne5 Nbd7 13. f4 Nxe5 14. dxe5 {½-½ (41) Khotenashvili,B (2526)-Codenotti,M (2374) Caleta 2015}) 10... Bg6 11. Ne5 Nbd7 12. Nxg6 hxg6 13. Kg2 Nd5 14. Bd2 Kf8 15. e4 $36 {[%mdl 2048] White has the initiative.} N5b6 16. Bb3 Nf6 17. e5 (17. Bg5 $5 {[%cal Re4e5]}) 17... Nfd5 18. Ne4 Qh4 19. Rh1 Bxd2 20. Qxd2 Rd8 21. Rad1 Kg8 (21... Nb4 $11 {keeps the balance.}) 22. Qg5 (22. Qxa5 $16 Rb8 23. Qd2) 22... Qxg5 $11 23. Nxg5 Nb4 24. Ne4 N6d5 25. Kg3 Kf8 26. Nd6 b6 27. f4 Ke7 28. Kf3 (28. Rc1 {is interesting.} Nc7 29. Rhd1 Rdf8 30. Bc2 f5 31. g5) 28... Rxd6 (28... Rh4 $11) 29. exd6+ $16 Kxd6 30. Bxd5 (30. h4 $16) 30... Nxd5 $11 {[%mdl 4096] Endgame KRR-KRN} (30... exd5 $11 31. h4 c5) 31. h4 (31. Rh2 $14) 31... Nf6 (31... b5 $11 {remains equal.}) 32. Rd2 Rb8 33. h5 gxh5 $1 34. g5 Nd5 35. Rxh5 g6 36. Rh7 Rb7 37. Rdh2 (37. Rc2 $14) 37... b5 {The position is equal.} 38. axb5 Rxb5 39. Rxf7 {[#] Rh8 is the strong threat.} Rb3+ 40. Kf2 {Threatens to win with Rh8.} ({Not} 40. Kg4 $2 Ne3+ 41. Kh4 Nf5+ 42. Rxf5 exf5 $19) 40... Rxb2+ 41. Kg3 Rb3+ 42. Kf2 {Black must now prevent Rh8.} Rb2+ 43. Kg3 Rb3+ 44. Kf2 {[#] Strongly threatening Rh8.} Rb2+ 45. Kg3 Rb3+ 46. Kf2 {And now Rh8 would win.} Rb2+ 47. Kg3 {Precision: White = 45%, Black = 61%.} 1/2-1/2

[Event "RUS-chT Blitz Men 2018"]
[Site "Sochi"]
[Date "2018.10.10"]
[Round "4"]
[White "Murzin, Volodar"]
[Black "Pogromsky, Mikhail"]
[Result "1-0"]
[WhiteElo "2340"]
[BlackElo "2415"]
[Annotator "TA"]
[PlyCount "107"]
[EventDate "2018.10.10"]
[EventType "swiss"]
[EventCountry "RUS"]
[SourceTitle "playchess.com"]
[Source "ChessBase"]
[SourceQuality "1"]

{[%evp 9,107,46,33,-38,-7,-110,-113,-106,-102,-186,-170,-173,-119,-129,-91,-93,-70,-109,-100,-107,-57,-67,-58,-61,-9,-12,-14,-25,-11,-17,-19,-23,-20,-29,-25,-21,-25,-65,-65,-65,-65,-65,-66,-68,0,-58,-61,-60,-68,-66,-70,-79,-41,-93,-83,-131,-73,-88,-76,-88,-18,-170,0,-114,-67,-169,-140,-127,-94,-112,-63,-97,-89,-87,-14,-14,-12,-14,0,-27,-27,-166,-14,-94,-8,-12,-12,-789,0,0,0,0,0,0,0,0,0,0,29991,29992]} 1. e4 {[%cal Be2e4,Be4e5][%mdl 32]} Nf6 2. e5 Nd5 3. d4 d6 4. c4 Nb6 5. Nf3 Bg4 {LiveBook: 78 Games} 6. Nc3 {B05: Alekhine's Defence: 4 Nf3 Bg4} (6. exd6 $14 exd6 7. Be3) (6. Be2 e6 7. O-O Be7 8. Nc3 O-O 9. Be3 a6 10. b3 d5 11. h3 Bf5 12. c5 N6d7 13. Bd3 Bxd3 14. Qxd3 Nc6 15. a3 b6 16. b4 bxc5 17. bxc5 f6 18. exf6 Bxf6 {1-0 (55) Melkumyan,H (2664)-Ehlvest,J (2536) chess.com INT 2018}) 6... dxe5 $1 $15 7. dxe5 (7. c5 $11 N6d7 8. Be2) 7... Qxd1+ $17 8. Nxd1 {Black is better.} Nc6 9. Bf4 (9. Be2 $17 {is a better defense.}) 9... Bxf3 $1 $19 10. gxf3 e6 (10... Nd4 $19 11. Rc1 Nxf3+ 12. Ke2 Nd4+ 13. Ke3 O-O-O) 11. Nc3 $146 ({Predecessor:} 11. a3 Nd4 12. Bd3 Nxf3+ {0-1 (21) Venturas,B (547)-Reede,A (1557) LSS email 2011}) 11... Nd7 12. O-O-O a6 13. Re1 Bc5 14. Bg3 Bd4 15. f4 Bxc3 16. bxc3 g6 (16... Ne7 $15) 17. Bh4 $11 Ne7 18. Bd3 Nc5 19. Bc2 Nf5 $36 {[%mdl 2048] Black has the initiative.} 20. Bf6 O-O 21. Rd1 Rfe8 22. h4 h5 23. Rd2 b5 24. Rhd1 bxc4 25. Kb2 Rab8+ 26. Ka3 Nh6 (26... Rec8 $15) 27. f3 (27. Rd4 $11) 27... Nf5 $15 28. Bxf5 $1 exf5 (28... gxf5 29. Rg1+ Kh7 30. Rg7+ Kh6 31. Rdg2 $18) 29. Rd4 $1 Ne6 30. Rxc4 Rb5 31. Rd7 ({Better is} 31. Rb4 $15) 31... Reb8 {...Ra5+ is the strong threat.} 32. Ra4 Nc5 (32... a5 $142 33. Rd2 Rc5) 33. Rxc7 $17 {And now c4 would win.} Nxa4 34. Kxa4 {[%mdl 4096] Endgame KRR-KRB} R5b6 (34... Kf8 $17 35. a3 R5b7) 35. Ka3 $2 (35. c4 $11) 35... Rb5 (35... R6b7 $19 36. Rc6 Rb6) 36. Ka4 Rb2 {[%cal Rb2a2]} 37. Ka3 (37. a3 $1 $15) 37... Rf2 38. e6 fxe6 39. Be5 Rb5 40. Rg7+ Kf8 41. Rxg6 Rxf3 (41... Ke7 $17 42. Rg7+ Kf8) 42. Rxe6 $11 Rh3 43. Rxa6 Rxh4 44. Rf6+ Ke8 45. Rxf5 {[#]} (45. c4 $11 {and White stays safe.} Ra5+ 46. Kb4 Rxa2 47. Rxf5) 45... Rh2 $2 (45... Rh1 $1 $19 {aiming for ...Rhb1.} 46. c4 Rb6) 46. Rg5 {[#]} (46. Rf6 $11 {remains equal.}) 46... Ra5+ ({Black should try} 46... Rh1 $1 $17) 47. Kb4 Raxa2 48. f5 $2 {[%mdl 8192]} (48. Rg6 $11) 48... Rhe2 $2 ({Black should play} 48... Rag2 $19 49. Rxg2 Rxg2) 49. Bd4 Kf7 50. Rxh5 Re8 51. Rh7+ Kg8 52. Rg7+ Kf8 53. f6 {White threatens Bc5+ and mate.} Re6 $2 {[%mdl 8192]} (53... Rb8+ $11 54. Kc4 Ra4+ 55. Kd5 Rd8+ 56. Ke6 Rdxd4 57. cxd4 Rxd4) 54. Bc5+ {Precision: White = 28%, Black = 37%.} 1-0

[Event "RUS-chT Blitz Men 2018"]
[Site "Sochi"]
[Date "2018.10.10"]
[Round "4"]
[White "Inozemtsev, Sergei"]
[Black "Lugovskoy, Maxim"]
[Result "1-0"]
[WhiteElo "2310"]
[BlackElo "2428"]
[Annotator "TA"]
[PlyCount "125"]
[EventDate "2018.10.10"]
[EventType "swiss"]
[EventCountry "RUS"]
[SourceTitle "playchess.com"]
[Source "ChessBase"]
[SourceQuality "1"]

{[%evp 9,124,12,20,-8,-7,-11,6,-139,-141,-149,-140,-147,-120,-165,-98,-111,-112,-102,-2,-72,-73,-86,-21,-41,-15,-24,-12,-22,-24,-58,6,-28,0,0,129,135,222,164,308,298,368,381,494,370,556,465,434,295,266,156,217,106,304,165,970,964,935,912,1303,1254,1797,1665,29998,1070,1726,1748,1471,1423,1401,1093,5718,2330,2287,2253,2175,2189,1748,1335,4938,3617,29982,29981,29986,29987,29988,29988,29988,29989,29989,29990,29990,29988,29988,29987,29987,29982,29981,29982,29987,29988,29988,29988,29986,29985,29987,29988,29991,29992,29992,29993,29998,29996,29997,29994,29998,29999,29999]} 1. e4 e6 2. d3 d5 3. Nd2 b6 4. g3 Nf6 5. Bg2 dxe4 (5... Bb7 6. e5 Nfd7 7. f4 h5 8. Ndf3 Be7 9. Nh3 c5 10. O-O Nc6 11. Nhg5 Nf8 12. c4 dxc4 13. dxc4 Qxd1 14. Rxd1 f6 15. Ne4 Na5 16. Ned2 f5 {½-½ (16) Movsesian,S (2709)-Lysyj,I (2615) Dagomys 2010}) 6. dxe4 {C00: French: Unusual White 2nd moves} Bb7 7. Qe2 Nc6 {[%cal Bb8c6,Bc6d4,Bd4e2][%mdl 32]} 8. e5 (8. Ngf3 $11 {remains equal.}) 8... Nd4 $146 ({Predecessor:} 8... Nd7 9. Ngf3 Ncxe5 10. Ne4 Nxf3+ 11. Bxf3 Qc8 12. Bf4 Be7 13. O-O-O O-O {0-1 (23) Salami,M-Komarov,D (2525) Ticino 1993}) 9. Bxb7 Nxe2 10. exf6 {Strongly threatening Bc6+.} Nd4 11. c3 Rb8 (11... Qxf6 12. cxd4 Rb8 13. Bc6+ Kd8 14. Ngf3 $14) (11... Qb8 $1 $19 {[%cal Rb8b7]} 12. Be4 Nf5 13. Bc6+ Kd8) 12. Bg2 Nc2+ 13. Kd1 {[#] Black must now prevent Bc6+.} Qxf6 ({But not} 13... Nxa1 14. Bc6+ Qd7 15. Bxd7+ Kxd7 16. b3 $11) (13... Qd3 14. Be4 $15) ({Better is} 13... Nb4 $1 $17 14. cxb4 Qd7) 14. Ne4 (14. Bc6+ $1 $11 {keeps the balance.} Ke7 15. Ne4) 14... Qg6 ({Don't play} 14... Nxa1 $6 15. Nxf6+ gxf6 16. Ke2 $11) 15. Kxc2 Bc5 (15... e5 $17 {And now ...Rd8 would win.} 16. f4 f5) 16. Nh3 $11 {[%cal Bg1h3,Bh3f4,Bf4d3,Bd3e5,Be5c6][%mdl 32]} O-O 17. Nf4 Qf5 18. Nd3 Be7 19. Be3 h6 ({Black should try} 19... Rbd8 $15) 20. Rad1 c5 21. f4 b5 (21... f6 $11) 22. Ne5 $16 ({Don't do} 22. Nexc5 $6 b4 $11) 22... b4 (22... Rbc8 $16 {might work better.}) 23. c4 b3+ (23... Rbc8 {was necessary.} 24. g4 Qh7) 24. axb3 $18 Rb7 25. Rd3 Rfb8 26. Rhd1 a5 (26... Rc7 {keeps fighting.} 27. g4 Qh7) 27. Nc6 Re8 28. Nxa5 Rc7 29. Ra1 ({White should play} 29. Nc3 $18) 29... Qh5 (29... Rd8 $16 {was called for.}) 30. Rd2 (30. Bg1 $18 {and White stays clearly on top.}) 30... Ra7 $2 {[#]} (30... Rd8 $16) 31. Ra3 (31. b4 $142 $1) 31... Rea8 $2 (31... Rc7 32. h3 Qg6) 32. Nc6 Rxa3 33. Nxe7+ Kf8 34. bxa3 Kxe7 35. Bxc5+ Ke8 {[#]} 36. Bb4 (36. Nf6+ $142 $1 {[%mdl 512]} gxf6 37. Bc6#) 36... Qf5 37. Kb2 {Threatens to win with Nd6+.} Ra6 38. Nd6+ Rxd6 39. Bxd6 g5 40. a4 f6 41. Bb4 gxf4 42. gxf4 Qxf4 43. a5 Qe5+ 44. Bc3 Qe3 45. a6 {White mates.} f5 46. b4 f4 47. c5 f3 48. Bf1 Qe4 49. Bb5+ Kf7 50. a7 Qa8 51. Rd7+ Kg6 52. Rc7 f2 53. c6 Qd8 54. Rd7 Qa8 55. Bd3+ Kh5 56. b5 Qf8 57. c7 Qc8 58. Rd8 Qxc7 59. a8=Q Qxh2 60. Bf1 Qh4 61. Qf3+ Kg6 62. Rg8+ Kh7 63. Qf7# {Precision: White = 52%, Black = 19%.} 1-0

[Event "RUS-chT Blitz Men 2018"]
[Site "Sochi"]
[Date "2018.10.10"]
[Round "4"]
[White "Rozhko, Dmitry"]
[Black "Taysayev, Timur"]
[Result "1/2-1/2"]
[WhiteElo "2305"]
[BlackElo "2225"]
[Annotator "TA"]
[PlyCount "69"]
[EventDate "2018.10.10"]
[EventType "swiss"]
[EventCountry "RUS"]
[SourceTitle "playchess.com"]
[Source "ChessBase"]
[SourceQuality "1"]

{[%evp 10,69,8,0,17,15,41,31,34,25,39,18,29,12,26,21,20,10,58,57,43,18,29,17,25,21,29,11,7,12,16,-1,32,-41,0,0,0,-14,-14,-13,-6,-18,-18,-18,-18,-18,-20,-71,-65,-70,-83,-75,-67,-63,-92,-64,-86,-88,-38,-28,-33,-1200]} 1. d4 Nf6 2. Nf3 e6 3. Bf4 b6 4. e3 Bb7 5. h3 Be7 6. Nbd2 {LiveBook: 275 Partien} Nh5 {A47: Damenindisch (ohne c2-c4)} (6... O-O 7. Bd3 c5 8. O-O cxd4 9. exd4 d6 10. a4 a6 11. c4 Nc6 12. Qb3 d5 13. c5 Nd7 14. Rfc1 a5 15. cxb6 Nxb6 {0-1 (36) Naiditsch,A (2705)-Ponomariov,R (2694) Riadh 2017}) 7. Bh2 f5 8. Be2 $146 ({Vorgänger:} 8. Bd3 Nf6 9. Qe2 O-O 10. O-O Ne4 11. a4 a5 12. Nc4 d6 13. Ne1 Nd7 14. f3 {½-½ (35) Fabeyo,F-Odum,M Lagos 2014}) 8... Nf6 {Weiß steht etwas besser.} 9. O-O O-O 10. a4 a6 11. Nc4 d6 12. c3 Ne4 13. Nfd2 Nd7 14. Nxe4 Bxe4 15. Bf3 Nf6 16. Nd2 Bxf3 17. Qxf3 d5 18. Be5 Bd6 19. Bxf6 Qxf6 20. Qe2 e5 21. f4 (21. dxe5 $14 Bxe5 22. Nf3) 21... exf4 22. exf4 Rfe8 23. Qf2 Re7 24. Rae1 Rae8 25. Rxe7 Qxe7 26. g3 g5 27. fxg5 Qxg5 {zielt auf ...Te3 ab.} 28. Kg2 (28. Kh1 $11) 28... f4 $1 $17 {[%cal Rg5g3]} 29. g4 Re3 30. Nf3 {[#]} Qe7 $1 {Droht ...Te2 und aus.} 31. Re1 Qe4 $1 {Und ...Txf3! würde nun gewinnen.} 32. Rxe3 fxe3 33. Qe2 c5 34. dxc5 $1 bxc5 {...Kg7 ist eine echte Drohung.} 35. c4 $2 {[%mdl 40960] Precision: Weiß = 43%, Schwarz = 53%. . An unexpected result.} (35. Qxa6 $15 Qc2+ 36. Kh1 Qb1+ 37. Kg2 Qxb2+ 38. Kh1 Qb1+ 39. Kg2 Qb2+ 40. Kh1 Qb1+ 41. Kg2 Qb2+) 1/2-1/2

[Event "RUS-chT Blitz Men 2018"]
[Site "Sochi"]
[Date "2018.10.10"]
[Round "4"]
[White "Chos, Alexey"]
[Black "Ponomarenko, Alexandr"]
[Result "1-0"]
[WhiteElo "2296"]
[BlackElo "2231"]
[Annotator "TA"]
[PlyCount "135"]
[EventDate "2018.10.10"]
[EventType "swiss"]
[EventCountry "RUS"]
[SourceTitle "playchess.com"]
[Source "ChessBase"]
[SourceQuality "1"]

{[%evp 16,135,0,0,0,-6,0,0,18,8,10,0,7,7,0,0,0,0,12,1,107,113,112,115,126,134,150,145,168,144,349,353,616,584,639,542,601,520,557,549,535,526,541,369,370,225,282,266,285,281,398,365,401,423,522,471,747,758,1006,572,628,629,616,616,574,579,652,652,837,810,803,788,674,652,652,639,630,627,6712,6609,6020,5995,29975,29976,29976,29977,29977,29977,29978,29978,29979,29980,29969,5961,5182,1849,29975,29977,29979,29980,29981,29981,29980,6916,29982,29983,29983,29984,29985,29986,29989,29988,29988,29989,29989,29990,29990,29989,29992,29991,29997,29998]} 1. e4 c5 2. Nf3 d6 3. c3 Nf6 4. h3 g6 5. Bd3 Bg7 6. O-O O-O 7. Re1 Nc6 8. Bc2 e5 9. d3 {LiveBook: 64 Games} b5 {B50: Sicilian: 2...d6, Miscellaneous} (9... h6 10. a3 Be6 11. b4 b5 12. Be3 cxb4 13. axb4 d5 14. Bc5 Re8 15. Nbd2 a5 16. bxa5 Rxa5 17. Rb1 Qc7 {½-½ (40) Zvjaginsev,V (2649)-Oparin,G (2605) Sochi 2017}) 10. Bg5 Qb6 $146 ({Predecessor:} 10... h6 11. Be3 Rb8 12. Nbd2 Qc7 13. Nf1 Nh5 14. Ng3 Nf4 15. Kh2 b4 16. Ne2 Nxe2 17. Qxe2 Bd7 18. Kg1 bxc3 19. bxc3 Qa5 20. Qd2 Kh7 21. Bb3 {½-½ (21) Beres,D (2099)-Janco,D (2047) Slovakia 2013}) 11. Nbd2 a5 {The position is equal.} 12. a4 b4 13. Nc4 Qc7 14. Ne3 Be6 15. Bxf6 Bxf6 16. Bb3 Ne7 17. Rc1 Rab8 (17... Bxb3 $11 18. Qxb3 Rab8) 18. Bxe6 $16 fxe6 19. d4 exd4 20. cxd4 Bg7 21. Qb3 Qd7 22. dxc5 {Black must now prevent Rcd1.} dxc5 $2 {[#]} (22... Rxf3 $16 23. gxf3 Nc6) 23. Rxc5 $18 Rf4 $2 (23... Rb6 24. Rd1 Rd6 25. Rxd6 Qxd6) 24. Rd1 Qe8 25. Qxe6+ Kh8 26. e5 Nf5 27. Qxe8+ Rxe8 28. Nd5 Re4 29. Rxa5 Bxe5 30. Nxb4 Bxb2 31. Nd5 Bg7 32. Ra7 Kg8 (32... Nd4 $142 33. Ng5 Nc6) 33. a5 Ra4 34. a6 h6 35. Nc7 Re2 (35... Re7 $142 36. Rb7 Nd4 37. Nxd4 Bxd4 38. Rxd4 Rxd4 39. Rb8+ Kg7) 36. Rb7 Rea2 37. g4 Nd4 38. Nxd4 Bxd4 {[#]} 39. Rxd4 $1 Rxd4 {[%mdl 4096] Endgame KRR-KRN} 40. a7 Rd1+ 41. Kg2 Rd8 {If only Black now had time for ...Rf8....} 42. Rb8 Rxa7 43. Rxd8+ {KRN-KR} Kf7 44. Nb5 Ra5 45. Nc3 Ra3 46. Ne2 g5 47. Ng3 Rb3 48. Nf5 Kg6 49. Rd6+ Kf7 50. Rxh6 Rc3 51. Rd6 Ra3 52. f3 Ra2+ 53. Kg3 Ra1 54. Rd2 (54. h4 $142 gxh4+ 55. Nxh4 Ra5 56. Nf5 Rb5 57. Ra6 Rc5 58. f4 Kf8 59. Rf6+ Kg8 60. g5) 54... Rg1+ 55. Rg2 Rh1 56. h4 gxh4+ 57. Nxh4 Kf6 58. f4 {[%cal Bf3f4,Bf4f5,Bf5f6][%mdl 32]} Ra1 59. Rf2 (59. g5+ $142 Ke7 60. Nf3 Kf7 61. Rb2 Ra5 62. Rb7+ Ke6 63. Kg4 Ra2 64. f5+ Kd6 65. f6 Ra4+ 66. Kf5 Ra5+ 67. Ke4) 59... Ra3+ 60. Rf3 {White mates.} Ra1 61. g5+ Kg7 62. f5 Ra4 63. Rf4 Ra3+ 64. Kg4 Ra1 65. f6+ Kf7 66. Kh5 Rh1 67. g6+ Kg8 68. Rb4 {Precision: White = 67%, Black = 25%.} 1-0

[Event "RUS-chT Blitz Men 2018"]
[Site "Sochi"]
[Date "2018.10.10"]
[Round "4"]
[White "Alexeev, Alexey"]
[Black "Mamedov, Elmin"]
[Result "1/2-1/2"]
[WhiteElo "2287"]
[BlackElo "2210"]
[Annotator "TA"]
[PlyCount "90"]
[EventDate "2018.10.10"]
[EventType "swiss"]
[EventCountry "RUS"]
[SourceTitle "playchess.com"]
[Source "ChessBase"]
[SourceQuality "1"]

{[%evp 17,90,62,59,33,30,32,32,0,7,0,0,0,0,0,0,-23,-3,-5,0,0,0,0,0,0,0,-3,0,0,0,-16,-11,-73,-62,-52,-20,-16,-14,-34,-14,-16,-19,-13,-13,-25,-22,-31,-15,-35,-13,-17,-16,-20,-14,-25,-1,-1,0,-1,-1,-1,0,-13,-1,-1,-1,-1,-8,-9,-2,-4,-4,-4,-4,-4,-4]} 1. e4 d6 2. d4 g6 3. Nc3 a6 4. a4 Bg7 5. Nf3 Nf6 6. Be2 O-O 7. O-O Nc6 8. d5 Ne5 9. Nxe5 dxe5 10. a5 {B08: Pirc Defence: Classical System} e6 11. Bg5 h6 12. Bh4 $146 {White is slightly better.} ({Predecessor:} 12. Be3 exd5 13. exd5 Ne8 14. Ne4 Nd6 15. Nxd6 cxd6 16. c4 e4 17. Qd2 g5 {1-0 (29) Nisipeanu,L (2657)-Moussard,J (2566) Barcelona 2018}) 12... g5 13. Bg3 exd5 14. Bxe5 {[%cal Re4d5]} dxe4 15. Qxd8 Rxd8 16. Rfd1 Re8 17. Bxc7 Bf5 18. Rd2 Rac8 19. Bb6 Nd7 20. Bd4 Ne5 21. Rad1 Nc4 (21... Nc6 {feels hotter.} 22. Bb6 Nb4 23. Rd6 Be6 24. Bd4 Nxc2 25. Bxg7 Kxg7 26. Nxe4 Nb4) 22. Bxc4 Rxc4 23. Bxg7 (23. h3 {keeps more tension.} Kf8 24. Bxg7+ Kxg7 25. g4 Bg6 26. Nd5) 23... Kxg7 24. Rd8 (24. Rd4 $11 {remains equal.} Rxd4 25. Rxd4) 24... Rxd8 $17 25. Rxd8 {[%mdl 4096] Endgame KRB-KRN} e3 26. fxe3 Bxc2 27. Rd4 Rc5 28. Rb4 Rxa5 29. Rxb7 Rf5 30. h3 Bd3 31. Rd7 Rf1+ 32. Kh2 Bc4 33. Rd4 Be6 34. b4 Rc1 35. Nd5 (35. Ne4 {seems wilder.} Re1 36. Nc5 Rxe3 37. Nxa6 Rc3 38. Nc5) 35... Bxd5 (35... Rc2 {is more complex.} 36. Kg3 h5 37. Kf3 h4 38. e4 Rb2) 36. Rxd5 $11 {KR-KR. The position is equal.} Rc3 37. Rd6 Rb3 38. Rb6 h5 39. Kg1 Rb2 40. Rxa6 Rxb4 41. Kf2 f6 42. Kf3 Kg6 43. g4 h4 44. Ra2 Rc4 45. Rd2 Rc6 {Precision: White = 50%, Black = 68%.} 1/2-1/2

[Event "RUS-chT Blitz Men 2018"]
[Site "Sochi"]
[Date "2018.10.10"]
[Round "4"]
[White "Jary, Sergey"]
[Black "Antipov, Mikhail Al."]
[Result "0-1"]
[WhiteElo "2286"]
[BlackElo "2593"]
[Annotator "TA"]
[PlyCount "132"]
[EventDate "2018.10.10"]
[EventType "swiss"]
[EventCountry "RUS"]
[SourceTitle "playchess.com"]
[Source "ChessBase"]
[SourceQuality "1"]

{[%evp 14,132,2,4,25,23,34,15,18,22,16,1,38,38,35,31,36,8,34,18,54,3,11,0,0,0,0,-46,-47,-50,-44,-68,-28,-28,-27,-48,-48,-79,-75,-82,-79,-120,-125,-125,-116,-123,-118,-158,-158,-157,-137,-129,-117,-152,-153,-157,-135,-157,-157,-157,-157,-188,-176,-238,-193,-193,-193,-278,-181,-186,-144,-144,-144,-144,-144,-165,-165,-160,-45,-158,-144,-184,-184,-225,-205,-273,-269,-250,-166,-166,-166,-166,-166,-170,0,-158,-144,-389,-379,-556,-551,-587,-572,-816,-532,-783,-380,-379,-375,-368,-366,-512,-504,-494,-444,-12844,-631,-12843,-12843,-12836,-12836]} 1. d4 Nf6 2. Nf3 c6 3. g3 d5 4. Bg2 Bf5 5. O-O h6 6. c4 e6 7. Qb3 Qb6 8. c5 {LiveBook: 21 Games} Qc7 {D11: Slav Defence: 3 Nf3 sidelines and 3...Nf6 4 e3 Bg4} 9. Bf4 Qc8 10. Nbd2 $146 ({Predecessor:} 10. Nc3 Be7 11. a4 O-O 12. a5 Bd8 13. Bd6 Re8 14. Nd2 Bc7 15. Bxc7 Qxc7 16. f4 {½-½ (16) Markovic,M (2240)-Galyas,M (2484) Sombor 2010}) 10... Nbd7 {The position is equal.} 11. Qc3 Be7 12. b4 a6 13. Ne5 O-O 14. Rfe1 Nxe5 15. Bxe5 (15. dxe5 {feels hotter.} Ne4 16. Bxe4 Bxe4 17. Nxe4 dxe4 18. Qc4) 15... Nd7 16. e4 dxe4 17. Nxe4 (17. Nc4 $14) 17... Bxe4 $11 18. Rxe4 Nxe5 19. dxe5 Rd8 20. f4 a5 21. a3 Qd7 22. Ree1 Qd2 23. Qxd2 Rxd2 24. Rad1 Rad8 25. Bf3 axb4 26. axb4 {[#]} R2d4 $1 27. Kg2 Rxb4 28. Rxd8+ Bxd8 $17 {[%mdl 4096] Endgame KRB-KRB} 29. Rc1 Rb2+ 30. Kh3 Be7 31. Be4 Rb4 32. Bd3 g6 33. Kg4 Rb3 34. Bc4 h5+ 35. Kh3 Rb2 36. Bd3 Kf8 37. Bc4 Ke8 38. g4 (38. Bf1 $142) 38... hxg4+ 39. Kxg4 Rxh2 40. Rb1 (40. Bd3 $142) 40... Rc2 (40... Bxc5 41. Rxb7 Rf2 42. Rb3 $17) 41. Bd3 Rc3 ({But not} 41... Rxc5 42. Rxb7 Kf8 43. Rb8+ Kg7 44. Rb7 $17) 42. Be2 Bxc5 43. Rxb7 {[#]} Kf8 $1 44. Bf3 Be3 {...Rc4 is the strong threat.} 45. Be4 Bf2 46. Bf3 (46. Rb8+ $15 Kg7 47. Bf3) 46... Kg7 47. Rc7 c5 48. Rd7 Rc4 49. Rd3 Bd4 50. Kg3 Rc1 51. Rd1 Rc3 52. Kg4 Be3 {Hoping for ...Rc4.} 53. Re1 Bd4 54. Rd1 Rc4 55. Kg3 $2 (55. Re1 $17) 55... Be3 $19 56. Kg2 (56. f5 {was worth a try.} Bf4+ 57. Kf2 Rc2+ 58. Kf1 gxf5 59. Re1) 56... Bxf4 57. Re1 Rc2+ 58. Kh3 Rc3 59. Kg4 Bd2 (59... g5 $142 60. Re2 c4) 60. Re4 Rc1 61. Be2 Bc3 62. Rc4 Rg1+ {Black is clearly winning.} 63. Kf4 Bd4 64. Bf3 (64. Rc2 $142) 64... Re1 65. Be4 {[#]} g5+ $1 66. Kf3 (66. Kxg5 Rxe4) 66... Re3+ {Precision: White = 27%, Black = 66%.} 0-1

[Event "RUS-chT Blitz Men 2018"]
[Site "Sochi"]
[Date "2018.10.10"]
[Round "4"]
[White "Kozak, Alexander"]
[Black "Tenikashvili, Georgij"]
[Result "0-1"]
[WhiteElo "2262"]
[BlackElo "2361"]
[Annotator "TA"]
[PlyCount "81"]
[EventDate "2018.10.10"]
[EventType "swiss"]
[EventCountry "RUS"]
[SourceTitle "playchess.com"]
[Source "ChessBase"]
[SourceQuality "1"]

{[%evp 14,81,6,-19,24,-32,-28,-30,56,-11,0,-21,0,0,0,-18,-21,-22,-25,-22,-18,-26,-34,-56,-52,-131,-47,-34,74,71,73,0,7,-33,-32,-26,-18,-14,-18,-20,-51,-79,-58,-191,-135,-144,-139,-168,-43,-233,-238,-262,-253,-906,-946,-824,-735,-808,-692,-789,-667,-657,-396,-29981,-29982,-29982,-29983,-2644,-1405,-1088]} 1. e4 c6 2. d4 d5 3. exd5 cxd5 4. Bd3 Nc6 5. c3 Qc7 6. Ne2 Bg4 7. f3 Bd7 8. f4 {LiveBook: 6 Partien. B13: Caro-Kann (Abtausch-Variante 4.c4)} (8. Bf4 e5 9. dxe5 Nxe5 10. O-O Nf6 11. Nd4 Bd6 12. Na3 O-O 13. Kh1 Bxa3 14. bxa3 Nh5 15. Bxe5 Qxe5 16. Re1 {½-½ (35) Gusain,H (2461)-Warakomski,T (2518) Warsaw 2017}) 8... Bg4 9. O-O (9. f5 $11) 9... e6 $15 10. h3 $146 {Schwarz hat minimalen Vorteil.} ({Vorgänger:} 10. Nd2 Bd6 11. Nf3 Nge7 12. Ne5 Bh5 13. Kh1 O-O 14. Qe1 f6 15. Nxc6 bxc6 {1-0 (31) Schieder,A (2187)-Wolfmajer,W (1960) Weiz 2016}) 10... Bh5 (10... Bf5 $1 $11) 11. Nd2 (11. f5 $1 $14 exf5 12. Qe1 (12. Bxf5 Nf6 $14)) 11... Bd6 12. Nf3 Nge7 13. Qe1 Bg6 14. Qd1 O-O 15. Ne5 Bxd3 16. Nxd3 a6 17. Ng3 b5 18. a3 Na5 19. Qg4 (19. Ne5 $15) 19... Nc4 (19... Nb3 $1 $17 {[%cal Rb3a1]} 20. Rb1 Nxd4 $1 {[%mdl 512]}) 20. Nh5 {[%csl Gh5][%cal Rg4g7]} Ng6 (20... Nf5 $15 {bleibt weiter vorne.}) 21. f5 $16 exf5 22. Rxf5 (22. Qxf5 $16 {Und Sxg7! würde nun gewinnen.} Qe7 23. Re1 (23. Qxd5 Qe2 $16)) 22... Rad8 23. Bg5 f6 24. Bc1 $1 Qf7 25. a4 Rfe8 26. axb5 axb5 27. Rf3 Re4 $36 {[%mdl 2048] Schwarz steht aktiver.} 28. Ndf4 (28. Nhf4 $15) 28... Rde8 ({Lieber} 28... Nxf4 $19 29. Nxf4 g5) 29. Rf1 $17 {[#]} Nxf4 $1 30. Bxf4 Kh8 (30... Ne3 $19 31. Qxg7+ Qxg7 32. Nxg7 Kxg7 33. Bxd6 Nxf1 34. Rxf1 h5) 31. Ra6 $2 {[#]} (31. Ng3 $1 $15 Rxf4 32. Rxf4 Bxf4 33. Qxf4) 31... Bxf4 $1 $19 32. Nxf4 Ne3 ({Lieber nicht} 32... Nxb2 33. Qf5 $11) 33. Qg3 $2 (33. Qh5 Qxh5 34. Nxh5 Nxf1 35. Kxf1) 33... Nxf1 34. Kxf1 Re3 35. Qg4 Re1+ 36. Kf2 Qe7 {[%csl Ge1,Ge8][%cal Re7e3]} 37. Kg3 Qe3+ 38. Kh2 $2 (38. Qf3 $19 Qc1 39. Nxd5) 38... Qg1+ 39. Kg3 R1e3+ 40. Kh4 g5+ 41. Kh5 {Precision: Weiß = 19%, Schwarz = 36%.} 0-1